Massime /

Osservazioni sul mondo, gli uomini, la vita, considerazioni, pensieri, aforismi sull'educazione, le donne, l'amore, la felicità, il carattere, l'arte, la poesia, la storia, la filosofia tratte dalle più disparate opere di Goethe, testimoniano la ricchezza di un'esperienza umana e artistica ecceziona...

Celý popis

Uloženo v:
Podrobná bibliografie
Hlavní autor: Goethe, Johann Wolfgang : von (Autor)
Další autoři: Bonarelli, Stefania (Překladatel), Chiusano, Italo Alighiero (Autor úvodu atd.)
Médium: Kniha
Jazyk:italština
Vydáno: Roma : TEN, 1994
Vydání:Edizione integrale
Edice:Centopaginemillelire ; 172
Témata:
Tagy: Přidat tag
Žádné tagy, Buďte první, kdo vytvoří štítek k tomuto záznamu!

MARC

LEADER 00000nam a22000007i 4500
001 IT\ICCU\BVE\0061901
003 ItRI
005 20260115231936.0
008 941205s1994 it |||||| ||||| |||||c
020 |a 8879835572 
040 |b ita  |c importazione bologna sebina 
041 7 |a ita  |2 ISO-639-2 
082 |a 838  |9 Letteratura tedesca. Scritti miscellanei  |2 12 
100 1 |a Goethe, Johann Wolfgang : von  |0 IT\ICCU\CFIV\000501  |4 aut 
240 1 0 |a Gedanken und Aussprüche.  |3 IT\ICCU\BVE\0061902  |9 Goethe, Johann Wolfgang : von 
245 1 0 |a Massime /  |c Johann Wolfgang von Goethe ; introduzione di Italo Alighiero Chiusano ; traduzione di Stefania Bonarelli. 
250 |a Edizione integrale 
260 |a Roma :  |b TEN,  |c 1994 
300 |a 93 p. ;  |c 20 cm. 
520 |a Osservazioni sul mondo, gli uomini, la vita, considerazioni, pensieri, aforismi sull'educazione, le donne, l'amore, la felicità, il carattere, l'arte, la poesia, la storia, la filosofia tratte dalle più disparate opere di Goethe, testimoniano la ricchezza di un'esperienza umana e artistica eccezionale, in cui la materia vissuta e la capacità di contemplare, riflettere e valutare si sposano felicemente. 
650 7 |a Letteratura tedesca  |x 1750-1830  |2 scbi 
700 1 |a Bonarelli, Stefania  |0 IT\ICCU\CFIV\017019  |4 trl 
700 1 |a Chiusano, Italo Alighiero  |0 IT\ICCU\CFIV\012022  |4 aui 
752 |a it   |d Roma 
790 0 |a Gete  |3 IT\ICCU\BVEV\192657  |z Goethe, Johann Wolfgang : von 
790 0 |a Goethe  |3 IT\ICCU\BVEV\267017  |z Goethe, Johann Wolfgang : von 
790 1 |a Chiusano, Alighiero  |3 IT\ICCU\SBNV\004643  |z Chiusano, Italo Alighiero 
790 1 |a Chiusano, I. Alighiero  |3 IT\ICCU\AUFV\000611  |z Chiusano, Italo Alighiero 
790 1 |a Goethe, G. W.  |3 IT\ICCU\SBNV\036157  |z Goethe, Johann Wolfgang : von 
790 1 |a Goethe, J. W.  |3 IT\ICCU\CFIV\151706  |z Goethe, Johann Wolfgang : von 
790 1 |a Goethe, J. Wolfgang  |3 IT\ICCU\CFIV\145055  |z Goethe, Johann Wolfgang : von 
790 1 |a Goethe, Johan Wolfgang  |3 IT\ICCU\BCTV\003073  |z Goethe, Johann Wolfgang : von 
790 1 |a Goethe, Johann W.  |3 IT\ICCU\CFIV\099113  |z Goethe, Johann Wolfgang : von 
790 1 |a Goethe, Johann Wolfgang  |3 IT\ICCU\CFIV\151752  |z Goethe, Johann Wolfgang : von 
790 1 |a Goethe, Volfango  |3 IT\ICCU\NAPV\085220  |z Goethe, Johann Wolfgang : von 
790 1 |a Goethe, Wolfango  |3 IT\ICCU\RMLV\037531  |z Goethe, Johann Wolfgang : von 
790 1 |a Goethe, Wolfgang J.  |3 IT\ICCU\CFIV\118439  |z Goethe, Johann Wolfgang : von 
790 1 |a Goethe, Wolfgang Johann : von  |3 IT\ICCU\NAPV\085221  |z Goethe, Johann Wolfgang : von 
790 1 |a Goethe, Wolfgang  |3 IT\ICCU\CFIV\161911  |z Goethe, Johann Wolfgang : von 
790 1 |a Göthe, Wolfgang  |3 IT\ICCU\SBNV\008821  |z Goethe, Johann Wolfgang : von 
830 0 |a Centopaginemillelire ;  |v 172  |0 IT\ICCU\RAV\0196182 
942 |2 ddc  |c BK  |n 0 
952 |0 0  |1 0  |4 0  |6 DOC_833_600000000000000_GOE  |7 0  |9 17333  |a BO  |b BO  |d 2026-01-15  |i 10195  |l 0  |o DOC 833.6 GOE  |p BO10195  |r 2026-01-15 23:19:36  |w 2026-01-15  |x [Sebina 5] [1 v.]  |y BK  |z 1 v. 
952 |0 0  |1 0  |4 0  |6 DOC_833_600000000000000_GOE  |7 0  |9 17334  |a BO  |b BO  |d 2026-01-15  |i 11585  |l 0  |o DOC 833.6 GOE  |p BO11585  |r 2026-01-15 23:19:36  |w 2026-01-15  |x [Sebina 5] [1 v.]  |y BK  |z 1 v. 
999 |c 14797  |d 14797